000 02119nam a2200289 a 4500
001 77807
003 BD-RjUL
005 20211209083029.0
008 210119s1998 bg a|||| m||| 00| 0 ben d
035 _a(BD-RjUL)78033
040 _aBD-RjUL
_bben /eng
_cBD-RjUL
_dBD-RjUL
082 _a363.8095414
_bSHB 1998
_223
100 _aশাহ্, আবু মো. ইকবাল রুমী
_9243694
245 1 0 _a১৯৪৩ সালের বাংলার দুর্ভিক্ষ :
_bরংপুর জেলার একটি সমীক্ষা /
_cআবু মো. ইকবাল রুমী শাহ্ ;
_6গবেষণা তত্ত্বাবধায়ক ; নূরুল হোসেন চৌধুরী ; সহ -গবেষণা তত্ত্বাবধায়ক : মো. মাহবুবর রহমান
260 _aরাজশাহী :
_bইতিহাস বিভাগ, রাজশাহী বিশ্ববিদ্যালয়,
_c১৯৯৮
300 _axvii, ৩৭৫ পাতা :
_bচিএ ;
_c২৯ সেমি.
502 _aথিসিস (পিএইচ. ডি.) -- ইতিহাস বিভাগ, রাজশাহী বিশ্ববিদ্যালয়, ১৯৯৮
504 _aগ্রন্থপঞ্জি : পাতা [৩৫৫] - ৩৭৫
600 _d
_y
_9243765
650 _aদুর্ভিক্ষ
_zভারত
_zবঙ্গ
_zরংপুর জেলা
_xইতিহাস
_yবিশ শতক
_9243766
650 _aFamines
_zIndia
_zBengal
_zRangpur district
_xHistory
_y20th century.
_9243767
651 _aভারত
_xরাজনীতি এবং সরকার
_y১৯১৯-১৯৪৭
_9243768
651 _aIndia
_xPolitics and government
_y1919-1947
_9243769
700 _aচৌধুরী, নূরুল হোসেন, গবেষণা তত্ত্বাবধায়ক
_9243697
700 _aরহমান, মো. মাহবুবর, সহ -গবেষণা তত্ত্বাবধায়ক
_9243698
942 _2ddc
_cTHE
999 _c77807
_d77807